00869nam a2200265 i 450000100060000000300090000600500170001500700030003200800410003502000180007604000220009408000150011610000170013124501210014825000120026926000480028130000400032949000330036950000490040265000320045170000220048374000320050583000330053785200330057012889ES-MaACL20230906150430.0t|960916s1996 sp ||||0| spa j a84-7628-180-3 aM-BN bspa cM-BN a7.032(100)1 aRomer, John.16aLa[s] siete maravillas del mundo b: historia, leyendas e investigación arqueológica / cJohn y Elizabeth Romer. a1ª ed. aBarcelona : bEdiciones del Serbal, c1996. a248 p. : bil. col. y n. ; c25 cm.1 aLibros del buen andar ; v41 aTít. del lomo: Las 7 maravillas del mundo.14aSiete maravillas del mundo.1 aRomer, Elizabeth.4 aLas 7 maravillas del mundo.0 aLibros del buen andar ; v41 aES-MaACLjL-20234 bR.125658